000 00299nam a2200133Ia 4500
008 191201s2014 xx 000 0 und d
100 _aELMASRI,Ramez
245 0 _aDatabase Systems
250 _aImp 2nd
260 _c2014
_bpearson
_aNew Delhi
300 _a1214
650 _aMCA
942 _2ddc
_cBB
999 _c7618
_d7618